| 000 | 00721nam a2200277Ia 4500 | ||
|---|---|---|---|
| 003 | OSt | ||
| 005 | 20221007105912.0 | ||
| 006 | a|||||r|||| 00| 0 | ||
| 007 | ta | ||
| 008 | 221006b |||||||| |||| 00| 0 eng d | ||
| 020 | _a3780199217854 | ||
| 024 | _a19,847 | ||
| 037 | _cTextual | ||
| 040 |
_aLCO _cLCO _beng |
||
| 041 |
_2eng _aeng |
||
| 082 | _aZ2,267, P8 | ||
| 100 |
_aTorremans Paul _9428758 |
||
| 245 | 0 | _aIntellectual Property Law | |
| 250 | _a5th | ||
| 260 |
_aNew _bYork Oxford University Press India _c2008 |
||
| 300 | _a608 | ||
| 650 | _aINTELLECTUAL PROPERTY LAW | ||
| 700 | _a Holyoak | ||
| 942 |
_hZ2,267, P8 _cTEXL |
||
| 999 |
_c1189410 _d1189410 |
||